Ngữ pháp tiếng Anh nâng cao = Advanced English grammar

محفوظ في:
التفاصيل البيبلوغرافية
المؤلف الرئيسي: Lê, Dũng
التنسيق: كتاب
اللغة:Undetermined
منشور في: H. Giáo dục 2003
الموضوعات:
الوسوم: إضافة وسم
لا توجد وسوم, كن أول من يضع وسما على هذه التسجيلة!
Thư viện lưu trữ: Trung tâm Học liệu Trường Đại học Cần Thơ
LEADER 00550nam a2200217Ia 4500
001 CTU_59853
008 210402s9999 xx 000 0 und d
020 |b 31000 
082 |a 425 
082 |b D513 
100 |a Lê, Dũng 
245 0 |a Ngữ pháp tiếng Anh nâng cao = 
245 0 |b Advanced English grammar 
245 0 |c Lê Dũng 
260 |a H. 
260 |b Giáo dục 
260 |c 2003 
650 |a emglish language 
650 |x grammar 
904 |i Minh 
980 |a Trung tâm Học liệu Trường Đại học Cần Thơ